00293nam a2200109Ia 4500008004000000082001300040100002200053245003000075260003100105300001800136650002900154210210b1956 xxu||||| |||| 00| 0 eng d a510 NEWW aNEWMAN (James R). aWorld of mathematics. V.4 aNYbSimon & Schusterc1956 avii,2022-2469 aWorld of mathematics V.4